<?xml version="1.0" encoding="UTF-8"?>
<record
    xmlns:xsi="http://www.w3.org/2001/XMLSchema-instance"
    xsi:schemaLocation="http://www.loc.gov/MARC21/slim http://www.loc.gov/standards/marcxml/schema/MARC21slim.xsd"
    xmlns="http://www.loc.gov/MARC21/slim">

  <leader>01125nam a2200217 i 4500</leader>
  <controlfield tag="001">51071</controlfield>
  <controlfield tag="003">ES-MaACL</controlfield>
  <controlfield tag="005">20250702063042.0</controlfield>
  <controlfield tag="007">t|</controlfield>
  <controlfield tag="008">140423s1896    it           ||||1| ita d</controlfield>
  <datafield tag="100" ind1="1" ind2=" ">
    <subfield code="a">Gneist, Rudolf von, </subfield>
    <subfield code="d">1816-1895</subfield>
    <subfield code="9">151891</subfield>
  </datafield>
  <datafield tag="245" ind1="1" ind2="2">
    <subfield code="a">L'amministrazione e il diritto amministrativo inglese / </subfield>
    <subfield code="c">Rodolfo Gneist. Il governo locale dell'Inghilterra Maurizio Vauthier. Il diritto pubblico inglese e la sua trasformazione : (prefazione) / Attilio Brunialti.</subfield>
  </datafield>
  <datafield tag="260" ind1=" " ind2=" ">
    <subfield code="a">Torino : </subfield>
    <subfield code="b">Unione Tipografico-Editrice, </subfield>
    <subfield code="c">1896.</subfield>
  </datafield>
  <datafield tag="300" ind1=" " ind2=" ">
    <subfield code="a">2 v. ; </subfield>
    <subfield code="c">24 cm.</subfield>
  </datafield>
  <datafield tag="490" ind1="1" ind2=" ">
    <subfield code="a">Biblioteca di scienze politiche e amministrative : scelta collezione... Seconda serie : opere di Diritto Amministrativo e Costituzionale / diretta da Attilio Brunialti ; </subfield>
    <subfield code="v">3</subfield>
  </datafield>
  <datafield tag="700" ind1="1" ind2=" ">
    <subfield code="a">Vauthier, Maurizio.</subfield>
    <subfield code="9">154777</subfield>
  </datafield>
  <datafield tag="700" ind1="0" ind2=" ">
    <subfield code="a">Brunialti, Attilio.</subfield>
    <subfield code="9">32183</subfield>
  </datafield>
  <datafield tag="830" ind1="0" ind2=" ">
    <subfield code="a">Biblioteca di scienze politiche e amministrative : scelta collezione... Seconda serie : opere di Diritto Amministrativo e Costituzionale / diretta da Attilio Brunialti ; </subfield>
    <subfield code="v">3</subfield>
    <subfield code="9">182342</subfield>
  </datafield>
  <datafield tag="852" ind1=" " ind2=" ">
    <subfield code="a">ES-MaACL</subfield>
    <subfield code="j">B-9325-26</subfield>
  </datafield>
  <datafield tag="999" ind1=" " ind2=" ">
    <subfield code="c">51071</subfield>
    <subfield code="d">51071</subfield>
  </datafield>
  <datafield tag="952" ind1=" " ind2=" ">
    <subfield code="0">0</subfield>
    <subfield code="1">0</subfield>
    <subfield code="4">0</subfield>
    <subfield code="7">0</subfield>
    <subfield code="8">LIBXIX</subfield>
    <subfield code="a">ATENEOM</subfield>
    <subfield code="b">ATENEOM</subfield>
    <subfield code="c">SPB</subfield>
    <subfield code="d">2008-01-17</subfield>
    <subfield code="e">COM</subfield>
    <subfield code="l">0</subfield>
    <subfield code="o">B-9325-26</subfield>
    <subfield code="p">1053705</subfield>
    <subfield code="r">2023-02-23 00:00:00</subfield>
    <subfield code="w">2023-02-23</subfield>
    <subfield code="y">MONANT</subfield>
  </datafield>
</record>
